فلسفة الفن عند التوحيدي

Bibliographic Details
Main Author: بهنسي, عفيف (Author)
Format: Book
Published: Damshiq : Dar al-Fikr , 1987
Subjects:

MARC

LEADER 00000cam a2200000 7i4500
001 0000000553
005 20091224093000.0
008 021118s1987
090 0 0 |a B745.A7   |b B3 1987 
100 0 |a بهنسي, عفيف ,   |e author 
245 1 0 |a فلسفة الفن عند التوحيدي   |c عفيف البهنسي 
260 2 |a Damshiq :   |b Dar al-Fikr ,   |c 1987 
300 |a 128 p. ;   |c 24 cm. 
504 |a Bibliography (p.125-126) 
600 1 0 |a Abu Hayyan al-Tawhidi, Ali ibn Muhammad ,   |d 10th cent. 
650 0 |a Islamic philosophy 
650 0 |a Art   |x Philosophy 
650 0 |a Art, Islamic   |x Philosophy 
745 0 0 |a Falsafat al-fann inda al-Tawhidi 
999 |a 1000012986   |b Book   |c OPEN SHELF (30 DAYS)   |e Gong Badak Campus 
999 |a 1000012987   |b Book   |c OPEN SHELF (30 DAYS)   |e Gong Badak Campus